| 000 | 00647nam a2200217 a 4500 | ||
|---|---|---|---|
| 001 | 2660 | ||
| 005 | 20140414132005.0 | ||
| 008 | 050809s19uu xx 00 eng d | ||
| 020 | _a0-02-830911-1 | ||
| 050 |
_aTR 372.4 _bB35 L.3-B.2 |
||
| 100 | _aBereiter, Carl | ||
| 245 |
_aSRA Open Court Reading, L. 3-B. 2 / _cCarl Bereiter. |
||
| 250 | _aTeacher's Edition | ||
| 260 |
_aColumbus, Ohio : _bSRA / McGRaw-Hill, _c2000. |
||
| 300 | _axii, 312 p. ; cm. | ||
| 440 | _aSRA Open Court Reading, Blue | ||
| 500 | _acontents: Storytelling--Money--Country Life | ||
| 526 | _cGrade 3 | ||
| 650 |
_aReading _xStuy and teaching. |
||
| 999 |
_c113165 _d113165 |
||